|
|
|
|
| LEADER |
00959nam a2200217 a 4500 |
| 001 |
4610228 |
| 008 |
100412s1975 bg b 000 0 eng d |
| 010 |
|
|
|a 76902312
|
| 040 |
|
|
|a DLC
|c DLC
|d DLC
|d BD-DhAAL
|
| 082 |
0 |
0 |
|a 338.1/09549/2
|
| 100 |
1 |
|
|a Ali, Qazi Azher.
|
| 245 |
1 |
0 |
|a Rural development in Bangladesh /
|c Azher Ali.
|
| 260 |
|
|
|a Comilla :
|b Bangladesh Academy for Rural Development,
|c 1975.
|
| 300 |
|
|
|a 64 p. ;
|c 22 cm.
|
| 504 |
|
|
|a Includes Bibliography (p. [63]-64.)
|
| 541 |
1 |
|
|e 00004450
|
| 650 |
|
0 |
|a Agriculture
|x Economic aspects
|z Bangladesh.
|
| 852 |
4 |
|
|a Ayesha Abed Library
|j General shelf
|
| 999 |
|
|
|c 8052
|d 8052
|
| 952 |
|
|
|0 0
|1 0
|2 ddc
|4 0
|6 338_109549200000000_ALI_1975
|7 0
|9 9167
|a BRACUL
|b BRACUL
|c GEN
|d 2010-04-12
|g 57.00
|l 0
|o 338.1095492 ALI
|p 3010004450
|r 2010-04-12
|t 1
|w 2010-04-12
|y BK
|
| 952 |
|
|
|0 0
|1 0
|2 ddc
|4 0
|6 338_109549200000000_ALI_1975
|7 0
|9 9220
|a BRACUL
|b BRACUL
|c GEN
|d 2010-04-13
|g 400.00
|l 0
|o 338.1095492 ALI
|p 3010001022
|r 2010-04-13
|t 2
|w 2010-04-13
|y BK
|